[Event "XXV Miedzynarodowy Festiwal Szachowy w Poznaniu - OPEN A"]
[Site "Poznan"]
[Date "2017-08-20"]
[Round "2.30"]
[White "Olejarczyk, Wojciech "]
[Black "Szafranski, Piotr"]
[Result "1-0"]
[WhiteTitle ""]
[BlackTitle ""]
[WhiteElo "1820"]
[BlackElo "1545"]

1. d4 Nf6 2. c4 g6 3. Nc3 d5 4. Nf3 Bg7 5. Bf4 c6 6. e3 O-O 7. Be2 Nbd7 8. O-O
Re8 9. Rc1 dxc4 10. Bxc4 Nh5 11. Qb3 e6 12. Bg5 Bf6 13. Bxf6 Nhxf6 14. Rfd1 b5
15. Bd3 a6 16. Ne4 Qc7 17. Rc3 Bb7 18. Rdc1 Rac8 19. Nc5 e5 20. Ng5 Nxc5 21. Rxc5
exd4 22. exd4 Qe7 23. Re5 Qc7 24. h3 h6 25. Nf3 Rxe5 26. dxe5 Nd5 27. e6 fxe6
28. Bxg6 Nf4 29. Qc2 Qg7 30. Nh4 c5 31. f3 Qf6 32. g3 Nxh3+ 33. Kh2 Ng5 34. f4
Nf3+ 35. Nxf3 Bxf3 36. Rf1 Bg4 37. Rf2 Kg7 38. Be4 Qf7 39. Qc3+ Kg8 40. Qe5 Bf5
41. Bf3 Qg7 42. Qd6 Qd4 43. Qxd4 cxd4 44. Bb7 Rc2 45. Rxc2 Bxc2 46. Bxa6 b4 47.
Bc4 Kf7 48. Kg1 d3 49. Kf2 d2 50. Be2 d1=Q 51. Bxd1 Bxd1 52. Ke3 Kf6 53. Kd4 Bc2
54. Kc5 Bb1 55. Kxb4 Bxa2 56. Kc5 Kf5 57. b4 Kg4 58. b5 Kxg3 59. b6 Bd5 60. f5
exf5 61. Kxd5 f4 62. b7 f3 63. b8=Q+ Kg2 64. Qg8+ Kh2 65. Qf8 Kg2 66. Qg7+ Kf1
67. Kd4 f2 68. Ke3 1-0

[Event "XXV Miedzynarodowy Festiwal Szachowy w Poznaniu - OPEN A"]
[Site "Poznan"]
[Date "2017-08-20"]
[Round "2.31"]
[White "Walkowski, Milosz"]
[Black "Tadych, Szymon "]
[Result "1-0"]
[WhiteTitle ""]
[BlackTitle ""]
[WhiteElo "1772"]
[BlackElo "1501"]

1. d4 d5 2. c4 c6 3. Nc3 Nf6 4. Nf3 Bf5 5. e3 e6 6. Bd3 Bxd3 7. Qxd3 Nbd7 8. O-O
Bd6 9. e4 Nxe4 10. Nxe4 dxe4 11. Qxe4 Nf6 12. Qe2 O-O 13. Rd1 Re8 14. Bg5 h6 15.
Bh4 Be7 16. Rd3 Nh7 17. Bg3 Ng5 18. Ne5 Qb6 19. Rad1 Bf6 20. Nd7 Qd8 21. Nxf6+
Qxf6 22. Be5 Qe7 23. Rg3 f6 24. Bf4 Nf7 25. Qg4 g5 26. h4 Kh7 27. hxg5 fxg5 28.
Bd2 Qf6 29. Bc3 Qf5 30. Qh5 Qg6 31. Qe2 Nd6 32. Re3 b5 33. Re1 Nxc4 34. Rxe6 Rxe6
35. Qxe6 Rf8 36. Qd7+ Rf7 37. Re7 Rxe7 38. Qxe7+ Kg8 39. d5 cxd5 40. Qd8+ Kf7
41. Qxd5+ Qe6 42. Qxb5 Nd6 43. Qa6 Qd5 44. Qxa7+ Ke8 45. Qd4 Qc6 46. Qh8+ Kd7
47. Qg7+ Ke8 48. Qxh6 Qd5 49. Qh8+ Kd7 50. Qe5 Qxa2 51. Bb4 Qb1+ 52. Kh2 Qh7+
53. Kg3 Qf5 54. Qxd6+ Kc8 55. Qc5+ Qxc5 56. Bxc5 1-0

[Event "XXV Miedzynarodowy Festiwal Szachowy w Poznaniu - OPEN A"]
[Site "Poznan"]
[Date "2017-08-20"]
[Round "2.32"]
[White "Chaczynski, Kamil"]
[Black "Lesien, Przemyslaw "]
[Result "1/2-1/2"]
[WhiteTitle ""]
[BlackTitle ""]
[WhiteElo "1495"]
[BlackElo "1763"]

1. c4 c6 2. Nc3 d5 3. cxd5 cxd5 4. d4 e6 5. Bf4 Bd6 6. Bxd6 Qxd6 7. Nf3 Nf6 8.
Ne5 O-O 9. e3 Nc6 10. f4 Ne4 11. Bd3 f5 12. Nxe4 fxe4 13. Be2 Nxe5 14. dxe5 Qb6
15. Qb3 Qxb3 16. axb3 Bd7 17. Kd2 a6 18. Rhc1 Rac8 19. b4 Kf7 20. b5 axb5 21.
Ra7 Rxc1 22. Kxc1 Rc8+ 23. Kd2 Rc7 24. b4 g6 25. g4 Ke7 26. Bf1 h6 27. Ra8 Kf7
28. h4 Kg7 29. Rd8 Kf7 30. g5 h5 31. Be2 1/2-1/2

[Event "XXV Miedzynarodowy Festiwal Szachowy w Poznaniu - OPEN A"]
[Site "Poznan"]
[Date "2017-08-20"]
[Round "2.33"]
[White "Pawlowski, Rafal "]
[Black "Walkowski, Jonasz"]
[Result "1/2-1/2"]
[WhiteTitle ""]
[BlackTitle ""]
[WhiteElo "1752"]
[BlackElo "1496"]

1. d4 e6 2. Nf3 d5 3. Bg5 Be7 4. Bxe7 Nxe7 5. e3 Nd7 6. Bd3 c5 7. c3 cxd4 8. exd4
Nf6 9. Nbd2 Bd7 10. O-O Ng6 11. Re1 O-O 12. Qc2 Qc7 13. Ne5 Rac8 14. a4 a6 15.
a5 Bb5 16. Bxb5 axb5 17. Qb3 Nxe5 18. Rxe5 Ng4 19. Rh5 Qc6 20. h3 Nf6 21. Re5
Ra8 22. Ra3 Ra6 23. Re1 Rfa8 24. Rea1 h6 25. Qb4 Ne8 26. Nf3 f6 27. Qc5 Nd6 28.
Nd2 Kf7 29. Qb4 Nc4 30. Nxc4 Qxc4 31. Qxc4 dxc4 32. b4 cxb3 33. Rxb3 Rxa5 34.
Rab1 Rc8 35. R1b2 Ra1+ 36. Kh2 Rc1 37. Rxb5 R8xc3 38. Rxb7+ Rc7 39. Rxc7+ Rxc7
40. Kg3 g5 41. Kf3 f5 42. Ke3 Kf6 43. Rb6 1/2-1/2

[Event "XXV Miedzynarodowy Festiwal Szachowy w Poznaniu - OPEN A"]
[Site "Poznan"]
[Date "2017-08-20"]
[Round "2.34"]
[White "Tomczak, Marta "]
[Black "Kwiatkowski, Jacek "]
[Result "0-1"]
[WhiteTitle ""]
[BlackTitle ""]
[WhiteElo "1480"]
[BlackElo "1751"]

1. e4 c6 2. d4 d5 3. exd5 cxd5 4. Bd3 Nf6 5. h3 Nc6 6. c3 Qc7 7. Nf3 h6 8. O-O
e6 9. Nbd2 Bd6 10. Re1 O-O 11. b3 Bd7 12. Bb2 Rfe8 13. Rc1 Bf4 14. Rc2 Rac8 15.
Nf1 Qa5 16. b4 Qc7 17. Ne3 Ne7 18. Rc1 Qb6 19. a4 Red8 20. Ba3 Nf5 21. Ne5 Nxe3
22. fxe3 Bg3 23. Nxd7 Rxd7 24. Rf1 Ne8 25. Qf3 Bb8 26. e4 dxe4 27. Qxe4 f5 28.
Qf3 Qd6 29. g3 Qxg3+ 30. Qxg3 Bxg3 31. Kg2 Bh4 32. b5 g6 33. a5 Bg5 34. Rcd1 Rxc3
35. Bc5 Nc7 36. Bxa7 Nd5 37. Bc5 b6 38. Bxb6 Nxb6 39. axb6 Bd8 40. Rf3 Bxb6 41.
Bxf5 Rxf3 42. Bxe6+ Rdf7 43. Bxf7+ Rxf7 44. d5 Rf2+ 45. Kg3 Rb2 46. d6 Rxb5 47.
d7 Bd8 48. Re1 Kf7 49. Re8 Bc7+ 50. Kg4 Rd5 51. Rh8 Rxd7 52. Rxh6 Kg7 53. Kg5
Rd5+ 0-1

[Event "XXV Miedzynarodowy Festiwal Szachowy w Poznaniu - OPEN A"]
[Site "Poznan"]
[Date "2017-08-20"]
[Round "2.35"]
[White "Wawrzyniak, Pawel"]
[Black "Opolski, Wojciech"]
[Result "1-0"]
[WhiteTitle ""]
[BlackTitle ""]
[WhiteElo "1749"]
[BlackElo "1461"]

1. d4 d5 2. c4 e6 3. Nc3 c5 4. cxd5 exd5 5. Nf3 Nc6 6. g3 Nf6 7. Bg2 cxd4 8. Nxd4
Bc5 9. Nb3 Be7 10. Nxd5 Nxd5 11. Qxd5 Bd7 12. O-O O-O 13. Bf4 Be6 14. Qb5 Bxb3
15. Qxb3 Nd4 16. Qd3 Qd7 17. Rfd1 Rad8 18. Kf1 Qe6 19. Qe4 Qxe4 20. Bxe4 Rd7 21.
e3 f5 22. Bg2 Rfd8 23. exd4 Bf6 24. Be3 g5 25. Bh3 Rd6 26. Bxf5 h6 27. d5 Bxb2
28. Rab1 1-0

[Event "XXV Miedzynarodowy Festiwal Szachowy w Poznaniu - OPEN A"]
[Site "Poznan"]
[Date "2017-08-20"]
[Round "2.36"]
[White "Lisiak, Rafal"]
[Black "Korpalska, Joanna"]
[Result "1/2-1/2"]
[WhiteTitle ""]
[BlackTitle ""]
[WhiteElo "1444"]
[BlackElo "1733"]

1. d4 d5 2. Bf4 Nf6 3. e3 Bf5 4. Nf3 e6 5. h3 a6 6. Nbd2 c5 7. c3 Nc6 8. a3 Be7
9. Be2 O-O 10. O-O cxd4 11. exd4 Rc8 12. Rc1 b5 13. Re1 Qb6 14. Ne5 Nxe5 15. Bxe5
Nd7 16. Bf4 Rc6 17. Nf3 Rfc8 18. Bd3 Bxd3 19. Qxd3 h6 20. Ne5 Nxe5 21. Bxe5 Bf8
22. Bf4 a5 23. Qg3 Kh8 24. Rcd1 b4 25. axb4 axb4 26. Rd3 Qa5 27. Bd2 Qa2 28. cxb4
Qxb2 29. Qf3 Bxb4 30. Bxb4 Qxb4 31. Rdd1 Kg8 32. Re3 Rc1 33. Qg4 Rxd1+ 34. Qxd1
Qb2 35. Re1 Rc4 36. Qf3 Qxd4 37. Rb1 Qf4 38. Qa3 Rc2 39. Rf1 d4 40. Qa8+ Kh7 41.
Qa3 Rc3 42. Qb2 Qc7 43. Rd1 d3 44. Qd2 Qc4 45. Qe3 Qb3 46. Rd2 Rc1+ 47. Kh2 Rd1
48. Rxd1 Qxd1 49. Qe4+ g6 50. Qf4 Kg7 51. Qe5+ Kf8 52. Qb8+ Ke7 53. Qc7+ Kf6 54.
Qf4+ Kg7 55. Qe5+ Kg8 56. Qb8+ Kh7 57. Qf8 Qa1 58. Qxf7+ Qg7 59. Qxe6 Qc7+ 60.
g3 Qa7 61. Qe1 Qd7 62. Qd2 Qd4 63. Kg2 Qe4+ 64. f3 Qc4 65. Kf2 Qc5+ 66. Kf1 Qd4
1/2-1/2

[Event "XXV Miedzynarodowy Festiwal Szachowy w Poznaniu - OPEN A"]
[Site "Poznan"]
[Date "2017-08-20"]
[Round "2.37"]
[White "Mocny, Tomasz"]
[Black "Szafranski, Maciej "]
[Result "1-0"]
[WhiteTitle ""]
[BlackTitle ""]
[WhiteElo "1731"]
[BlackElo "1439"]

1. d4 d5 2. c4 e6 3. Nc3 Nf6 4. Nf3 Be7 5. Bf4 O-O 6. e3 a6 7. Rc1 c6 8. Bd3 dxc4
9. Bxc4 b5 10. Bb3 Bb7 11. O-O Nbd7 12. Qe2 a5 13. a3 Nb6 14. Nxb5 cxb5 15. Bc7
Qe8 16. Bxb6 Nd5 17. Bc5 Bxc5 18. Rxc5 b4 19. Rfc1 a4 20. Bc4 bxa3 21. bxa3 Qe7
22. Ne5 Rfc8 23. Bb5 Rxc5 24. Rxc5 Rc8 25. Qc4 Rxc5 26. Qxc5 Qxc5 27. dxc5 f6
28. Nc4 Nc3 29. Bd7 Nd5 30. c6 Ba8 31. Bxe6+ Kf8 32. Bxd5 Ke7 33. Nb6 Bxc6 34.
Bxc6 g5 35. Bxa4 1-0

[Event "XXV Miedzynarodowy Festiwal Szachowy w Poznaniu - OPEN A"]
[Site "Poznan"]
[Date "2017-08-20"]
[Round "2.38"]
[White "Piechocki, Bronislaw "]
[Black "Litke, Slawomir"]
[Result "0-1"]
[WhiteTitle ""]
[BlackTitle ""]
[WhiteElo "1435"]
[BlackElo "1730"]

1. Nf3 Nc6 2. g3 e5 3. d3 Nf6 4. Bg2 d5 5. O-O Be7 6. c3 O-O 7. Qc2 h6 8. c4 Be6
9. cxd5 Nxd5 10. a3 Qd7 11. Nc3 Nxc3 12. Qxc3 Bf6 13. Qc2 Bh3 14. Rb1 Bxg2 15.
Kxg2 Nd4 16. Nxd4 exd4 17. b4 Rfe8 18. Bb2 c6 19. Rfe1 Re6 20. e3 dxe3 21. Rxe3
Bxb2 22. Rxe6 Qxe6 23. Rxb2 Re8 24. Qc5 a6 25. Qc4 Qe5 26. Rc2 Rd8 27. Rc3 Rd4
28. Qb3 Qe2 29. a4 Rd5 30. Qc4 Rf5 31. Qd4 Qf3+ 32. Kg1 Qd1+ 33. Kg2 Qxa4 34.
Rc4 Qb5 35. Qd8+ Kh7 36. Re4 Qd5 37. Qxd5 Rxd5 38. Re7 Rb5 39. Re4 Kg6 40. Kf3
Kf6 41. Rh4 Ke6 42. Ke3 b6 43. Kd2 c5 44. bxc5 Rxc5 45. Re4+ Re5 46. Rc4 Kd7 47.
d4 Rh5 48. h4 Ra5 49. Ke3 b5 50. Rc5 Ra3+ 51. Ke4 f6 52. g4 b4 53. Kf5 b3 54.
Rc1 b2 55. Rb1 Rb3 56. Kg6 a5 57. Kxg7 a4 58. Kxf6 a3 59. g5 Rb6+ 60. Kf7 hxg5
61. hxg5 a2 62. Re1 b1=Q 63. Re7+ Kd6 0-1

[Event "XXV Miedzynarodowy Festiwal Szachowy w Poznaniu - OPEN A"]
[Site "Poznan"]
[Date "2017-08-20"]
[Round "2.39"]
[White "Stochnialek, Dominika"]
[Black "Kabzinski, Jan "]
[Result "1-0"]
[WhiteTitle ""]
[BlackTitle ""]
[WhiteElo "1719"]
[BlackElo "1433"]

1. e4 c5 2. Nf3 Nc6 3. d4 cxd4 4. Nxd4 Nf6 5. Nxc6 bxc6 6. Nc3 d5 7. Bd3 e6 8.
O-O Bd6 9. f4 e5 10. exd5 O-O 11. dxc6 Qb6+ 12. Kh1 Qxc6 13. Bb5 Qb6 14. Qf3 Bb7
15. Qf2 Qc7 16. Be2 Rfe8 17. Nb5 Qe7 18. Nxd6 Qxd6 19. fxe5 Qxe5 20. Bf3 Qf5 21.
Be3 Bxf3 22. Qxf3 Qxc2 23. Bd4 Qe2 24. Bxf6 Qxf3 25. Rxf3 gxf6 26. Raf1 Re2 27.
R3f2 Rxf2 28. Rxf2 Kg7 29. g3 Kg6 30. b4 f5 31. Kg2 Re8 32. Kf3 h5 33. Rc2 f6
34. Rc7 Re4 35. a3 h4 36. Rxa7 hxg3 37. hxg3 Kg5 38. b5 Rc4 39. b6 Rc3+ 40. Ke2
Rxg3 41. Rg7+ Kf4 42. Rxg3 Kxg3 43. b7 f4 44. b8=Q 1-0

[Event "XXV Miedzynarodowy Festiwal Szachowy w Poznaniu - OPEN A"]
[Site "Poznan"]
[Date "2017-08-20"]
[Round "2.40"]
[White "Geselle , Roman"]
[Black "Kupsik, Joanna "]
[Result "0-1"]
[WhiteTitle ""]
[BlackTitle ""]
[WhiteElo "1429"]
[BlackElo "1703"]

1. d4 d5 2. c4 e6 3. Nc3 Nf6 4. Bg5 Be7 5. e3 O-O 6. Nf3 Nbd7 7. Rc1 h6 8. Bh4
c5 9. a3 b6 10. cxd5 cxd4 11. Qxd4 Nxd5 12. Bxe7 Nxe7 13. Rd1 Qc7 14. b4 Nf6 15.
Be2 Bb7 16. Nb5 Qc2 17. Qc3 Rfc8 18. Qxc2 Rxc2 19. Bd3 Ra2 20. Bc4 Rb2 21. O-O
a6 22. Nbd4 Rc8 23. Rc1 Ned5 24. Ne5 b5 25. Nd3 Rd2 26. Bxd5 Nxd5 27. Nc5 Rxc5
28. bxc5 Kf8 29. c6 Bc8 30. Rc2 Rd3 31. Ra1 Ke7 32. Kf1 e5 33. Ke2 Rc3 34. Rxc3
Nxc3+ 35. Kd3 exd4 36. exd4 Nd5 37. Ke4 Kd6 38. Rc1 g6 39. h3 Bf5+ 40. Kf3 Bd3
41. Rc5 Bc4 42. g4 Nc7 43. Re5 Kxc6 44. Kg3 Ne6 45. f4 Nxd4 46. Re3 a5 47. h4
a4 48. Kf2 Kd5 49. Re5+ Kd6 50. Re3 Nc2 51. Rf3 h5 52. gxh5 gxh5 53. Rg3 Ke6 54.
Rg5 Nxa3 55. Rxh5 Nc2 56. Rh6+ Kf5 57. Kg3 a3 58. Ra6 a2 0-1

[Event "XXV Miedzynarodowy Festiwal Szachowy w Poznaniu - OPEN A"]
[Site "Poznan"]
[Date "2017-08-20"]
[Round "2.41"]
[White "Janicki, Rafal "]
[Black "Walaszyk, Zbigniew "]
[Result "1-0"]
[WhiteTitle ""]
[BlackTitle ""]
[WhiteElo "1692"]
[BlackElo "1344"]

1. e4 c5 2. Nf3 d6 3. c3 Nf6 4. Qc2 g6 5. d4 Qc7 6. Be3 Bg7 7. h3 O-O 8. Nbd2 a6
9. Be2 b6 10. O-O Bd7 11. Rac1 Qc8 12. Rfd1 Kh8 13. Bf4 Nh5 14. Bh2 Bh6 15. Bf1
f6 16. e5 Bf5 17. Bd3 c4 18. Bxf5 gxf5 19. exd6 exd6 20. Bxd6 Rg8 21. Kh1 Bf4
22. Bxf4 Nxf4 23. Nh4 Ra7 24. Ndf3 Nd3 25. Rb1 Re7 26. Ne1 Nf4 27. Qxf5 Qxf5 28.
Nxf5 Re2 29. Nh6 Rg6 30. Nf5 Rxf2 31. Nh4 Rh6 32. Nef3 Nd3 33. Kg1 Re2 34. b3
Nb2 35. Re1 Rxe1+ 36. Rxe1 Rh5 37. Re8+ Kg7 38. Rxb8 cxb3 39. axb3 b5 40. Ra8
Nd1 41. Rxa6 Nxc3 42. Rd6 b4 43. Rb6 Na2 44. g4 Ra5 45. Nf5+ Kf7 46. Nd2 Kg6 47.
Ne4 Ra3 48. Rxf6# 1-0

[Event "XXV Miedzynarodowy Festiwal Szachowy w Poznaniu - OPEN A"]
[Site "Poznan"]
[Date "2017-08-20"]
[Round "2.42"]
[White "Kaluzny, Stanislaw "]
[Black "Czarnolewski, Piotr"]
[Result "1-0"]
[WhiteTitle ""]
[BlackTitle ""]
[WhiteElo "1361"]
[BlackElo "1677"]

1. e4 g6 2. d4 Bg7 3. Nc3 d6 4. f4 a6 5. Nf3 b5 6. Bd3 Nd7 7. e5 c5 8. dxc5 Nxc5
9. O-O Bb7 10. Re1 e6 11. Be3 Nxd3 12. cxd3 d5 13. a3 Rc8 14. Ne2 Ne7 15. Nfd4
O-O 16. Qd2 Qd7 17. Rac1 Rfd8 18. Nb3 Nf5 19. d4 Bf8 20. Qd3 Rc4 21. Bd2 Rdc8
22. Na5 Rxc1 23. Rxc1 Ne7 24. Nxb7 Qxb7 25. Rc3 Rc4 26. b3 Rxc3 27. Qxc3 Qc8 28.
b4 Qc4 29. Nc1 Nc8 30. Nb3 Nb6 31. Qxc4 dxc4 32. Nc5 Bxc5 33. dxc5 Nd5 34. Kf2
Kf8 35. Kf3 Ke7 36. Kg4 h6 37. h4 c3 38. Bc1 Kd7 39. h5 gxh5+ 40. Kxh5 c2 41.
Bd2 Nc3 42. Kxh6 Ne2 43. Kg7 c1=Q 44. Bxc1 Nxc1 45. Kxf7 Nd3 46. g4 Nxf4 47. g5
Nd3 48. g6 Nxe5+ 49. Kf6 Nxg6 50. Kxg6 Kc6 51. Kf6 Kd5 52. Ke7 Kc6 53. Kxe6 a5
54. Ke5 axb4 55. axb4 Kc7 56. Kd5 1-0

[Event "XXV Miedzynarodowy Festiwal Szachowy w Poznaniu - OPEN A"]
[Site "Poznan"]
[Date "2017-08-20"]
[Round "2.43"]
[White "Gajewski, Zbigniew "]
[Black "Zurawski, Kamil"]
[Result "0-1"]
[WhiteTitle ""]
[BlackTitle ""]
[WhiteElo "1347"]
[BlackElo "1665"]

1. e4 c5 2. Nf3 Nc6 3. d4 cxd4 4. Nxd4 Nf6 5. Nc3 e5 6. Ndb5 d6 7. Bg5 a6 8. Na3
b5 9. Nd5 Be7 10. Bxf6 Bxf6 11. c4 b4 12. Nc2 Rb8 13. b3 O-O 14. Be2 Bg5 15. O-O
Kh8 16. Bg4 f6 17. Bxc8 Qxc8 18. Qd3 f5 19. f3 a5 20. Rad1 fxe4 21. Qxe4 Qf5 22.
Qxf5 Rxf5 23. Nc7 Rf6 24. Nb5 Rd8 25. Rd3 Ne7 26. Rfd1 Nf5 27. g4 Nh4 28. Ne1
Rdf8 29. Nxd6 Nxf3+ 30. Nxf3 Rxf3 31. Rxf3 Rxf3 32. Kg2 Rf8 33. Ne4 Rf4 34. Nf2
Bh4 35. Rd2 e4 36. Re2 Bxf2 37. Rxf2 Rxg4+ 38. Kh3 Rg5 39. Re2 Re5 40. c5 Rxc5
41. Rxe4 Rc2 42. a3 Rc3+ 43. Kg4 Rxb3 44. axb4 Rxb4 0-1

[Event "XXV Miedzynarodowy Festiwal Szachowy w Poznaniu - OPEN A"]
[Site "Poznan"]
[Date "2017-08-20"]
[Round "2.44"]
[White "Hoffmann, Piotr"]
[Black "Zurawski, Mateusz"]
[Result "1-0"]
[WhiteTitle ""]
[BlackTitle ""]
[WhiteElo "1651"]
[BlackElo "1328"]

1. Nc3 f5 2. e4 d6 3. d4 Nf6 4. Bd3 fxe4 5. Nxe4 g6 6. Nf3 Bg7 7. c3 O-O 8. h3
c6 9. O-O Nbd7 10. Qe2 Re8 11. Re1 e5 12. Nxd6 Re6 13. Nxc8 Rxc8 14. Ng5 Re7 15.
Bc4+ Nd5 16. Qf3 N7b6 17. Bb3 exd4 18. Rxe7 Qxe7 19. Bd2 dxc3 20. bxc3 Rf8 21.
Qe4 Qxe4 22. Nxe4 Re8 23. f3 Kf8 24. Rc1 Nf6 25. Re1 Nxe4 26. fxe4 Nd7 27. Rf1+
Nf6 28. Bg5 Ke7 29. e5 Rf8 30. Bxf6+ Bxf6 31. exf6+ Rxf6 32. Rxf6 Kxf6 1-0

[Event "XXV Miedzynarodowy Festiwal Szachowy w Poznaniu - OPEN A"]
[Site "Poznan"]
[Date "2017-08-20"]
[Round "2.45"]
[White "Drozdowicz, Ignacy "]
[Black "Godek, Martyna "]
[Result "0-1"]
[WhiteTitle ""]
[BlackTitle ""]
[WhiteElo "1339"]
[BlackElo "1634"]

1. e4 e5 2. Nf3 Nc6 3. Bb5 d6 4. d4 exd4 5. Qxd4 Bd7 6. Bxc6 Bxc6 7. Nc3 h6 8.
Be3 Nf6 9. O-O-O g6 10. h3 Bg7 11. g4 Rg8 12. Qd3 Qe7 13. Nd2 a6 14. Kb1 O-O-O
15. Nd5 Qe6 16. Nxf6 Qxf6 17. c3 d5 18. Bd4 Qf4 19. Rhe1 Bxd4 20. cxd4 Qxf2 21.
Rf1 dxe4 22. Nxe4 Qg2 23. Nc3 Be8 24. Rf3 Qh2 25. Rg3 g5 26. Ne4 Bb5 27. Qe3 Qe2
28. Nc3 Qxe3 29. Rxe3 Rge8 30. Rf3 Rd7 31. Rf6 Re6 32. Rf5 Be2 33. Rd2 Bb5 34.
Nxb5 axb5 35. Rxb5 Re3 36. Ra5 Rd6 37. Rf5 f6 38. h4 Re4 39. hxg5 fxg5 40. Rf8+
Kd7 41. Rh8 Rxg4 42. Rh7+ Kc8 43. Rh8+ Rd8 44. Rxh6 Rgxd4 45. Rxd4 Rxd4 46. Rg6
g4 47. Kc2 Rf4 48. Kd3 Rf2 49. Kc3 Rf3+ 50. Kd4 Rf2 51. Kc3 Rf3+ 52. Kd4 g3 53.
Ke4 Rf2 54. Rxg3 Rxb2 55. Rg8+ Kd7 56. Rg7+ Kc6 57. Rg6+ Kb5 58. Rg7 Kb6 59. Rg6+
c6 60. a3 Rb3 61. Kd4 Rxa3 62. Rg5 Ra4+ 63. Kc3 Ra5 0-1

[Event "XXV Miedzynarodowy Festiwal Szachowy w Poznaniu - OPEN A"]
[Site "Poznan"]
[Date "2017-08-20"]
[Round "2.46"]
[White "Piasecki, Andrzej"]
[Black "Wolniaczyk, Daria"]
[Result "0-1"]
[WhiteTitle ""]
[BlackTitle ""]
[WhiteElo "1300"]
[BlackElo "1629"]

1. g4 d5 2. Bg2 Bxg4 3. c4 Be6 4. Qb3 Bc8 5. cxd5 Na6 6. Bh3 Bxh3 7. Nxh3 Rb8 8.
Qb5+ Qd7 9. Qxd7+ Kxd7 10. a3 h6 11. d4 Nf6 12. Nc3 c5 13. dxc6+ Kxc6 14. b4 Nc7
15. Bf4 e6 16. Rc1 Kd7 17. Nb5 Nxb5 18. Bxb8 Bd6 19. Bxd6 Kxd6 20. e3 Nxa3 21.
Rc5 b6 22. Rc1 Nd5 23. O-O Nxb4 24. Nf4 a5 25. Rfd1 g5 26. Nd3 Nac2 27. Nxb4 Nxb4
28. e4 f6 29. f3 h5 30. Kf2 Rb8 31. Ke3 b5 32. f4 a4 33. e5+ Kd7 34. exf6 g4 35.
Rg1 Nd5+ 36. Ke4 Nxf6+ 37. Ke5 Ke7 38. h3 b4 39. Rc7+ Nd7+ 40. Rxd7+ Kxd7 41.
hxg4 Rb5+ 42. Ke4 hxg4 43. Rxg4 b3 44. Rg1 b2 45. Rb1 a3 46. d5 exd5+ 47. Ke5
a2 0-1

[Event "XXV Miedzynarodowy Festiwal Szachowy w Poznaniu - OPEN A"]
[Site "Poznan"]
[Date "2017-08-20"]
[Round "2.47"]
[White "Wojdak, Jan"]
[Black "Zakrzewski, Bartosz"]
[Result "1-0"]
[WhiteTitle ""]
[BlackTitle ""]
[WhiteElo "1624"]
[BlackElo "1554"]

1. e4 c5 2. Nf3 a6 3. c4 Nc6 4. Nc3 Nf6 5. d4 cxd4 6. Nxd4 e6 7. Be3 Bb4 8. f3
Qc7 9. Rc1 O-O 10. Be2 Rd8 11. Qd2 d5 12. exd5 exd5 13. a3 Nxd4 14. Bxd4 Bd6 15.
cxd5 Re8 16. Rc2 Bf5 17. Ne4 Qe7 18. Bxf6 gxf6 19. Rc4 b5 20. Nxd6 Qxd6 21. Rf4
Bg6 22. Kf2 Rac8 23. Bd1 Qc5+ 24. Kg3 Re5 25. Bb3 Rce8 26. Rc1 Qd6 27. Rc6 Rg5+
28. Kf2 Qb8 29. d6 Qa7+ 30. Qd4 Qb8 31. d7 Rd8 32. Qxf6 Qa7+ 33. Rd4 Rxd7 34.
Rc8+ 1-0

[Event "XXV Miedzynarodowy Festiwal Szachowy w Poznaniu - OPEN A"]
[Site "Poznan"]
[Date "2017-08-20"]
[Round "2.48"]
[White "Purczynski, Andrzej"]
[Black "Grochowski, Michal "]
[Result "1/2-1/2"]
[WhiteTitle ""]
[BlackTitle ""]
[WhiteElo "1243"]
[BlackElo "1616"]

1. e4 c5 2. Nf3 d6 3. d4 cxd4 4. Nxd4 Nf6 5. Nc3 a6 6. Bg5 e6 7. Bd3 Nc6 8. Nb3
Be7 9. O-O b5 10. a3 Bb7 11. f4 Rc8 12. Na2 Qc7 13. Nb4 Nxb4 14. axb4 e5 15. Bxf6
Bxf6 16. fxe5 Bxe5 17. c3 O-O 18. Qe2 Rfe8 19. Nd2 d5 20. Qh5 g6 21. Qh4 dxe4
22. Nxe4 Bxe4 23. Bxe4 Bxh2+ 24. Qxh2 Rxe4 25. Qxc7 Rxc7 26. Rxa6 Rb7 27. Rc6
h5 28. Rf2 h4 29. Rc5 Kg7 30. Rd2 Rf4 31. Rd4 Rxd4 32. cxd4 Kf6 33. Kf2 Ke6 34.
Ke3 Kd6 35. Kf4 Re7 36. Kf3 Rb7 37. Kg4 Re7 38. Kf3 Rb7 39. Kg4 Re7 1/2-1/2

[Event "XXV Miedzynarodowy Festiwal Szachowy w Poznaniu - OPEN A"]
[Site "Poznan"]
[Date "2017-08-20"]
[Round "2.49"]
[White "Frackowiak, Andrzej"]
[Black "Zielinski, Tomasz"]
[Result "1-0"]
[WhiteTitle ""]
[BlackTitle ""]
[WhiteElo "1611"]
[BlackElo "1215"]

1. d4 Nf6 2. Bf4 e6 3. e3 d5 4. Nf3 c5 5. c3 c4 6. Nbd2 b5 7. Qc2 Bb7 8. Be2 Be7
9. Ne5 Nbd7 10. Bf3 O-O 11. O-O Nb6 12. a3 Rc8 13. Rfe1 a6 14. Re2 h6 15. h3 Bd6
16. Bh2 Qc7 17. e4 Nfd7 18. Ng4 Bxh2+ 19. Nxh2 dxe4 20. Bxe4 Nf6 21. Bxb7 Qxb7
22. Nhf3 Rfd8 23. Ne5 Nbd7 24. Rae1 Nxe5 25. Rxe5 Rd6 26. f4 Rcd8 27. f5 exf5
28. Qxf5 Rd5 29. Nf3 Qd7 30. Rxd5 Qxd5 31. Qxd5 Rxd5 32. Re7 Rd7 33. Rxd7 Nxd7
34. Kf2 Kf8 35. Nd2 Nf6 36. Ke3 Ke7 37. a4 Kd6 38. Ne4+ Nxe4 39. Kxe4 Ke6 40.
h4 f5+ 41. Kf4 g6 42. axb5 axb5 43. g3 Kd5 44. h5 g5+ 45. Kxf5 Kd6 46. Kg6 Ke6
47. g4 1-0

[Event "XXV Miedzynarodowy Festiwal Szachowy w Poznaniu - OPEN A"]
[Site "Poznan"]
[Date "2017-08-20"]
[Round "2.50"]
[White "Nowak, Patrycja"]
[Black "Hoffmann, Kacper "]
[Result "0-1"]
[WhiteTitle ""]
[BlackTitle ""]
[WhiteElo "1182"]
[BlackElo "1588"]

1. e4 d6 2. Nf3 Nf6 3. Nc3 g6 4. Be2 Bg7 5. O-O O-O 6. d4 Nbd7 7. Re1 e5 8. Bg5
c6 9. Bf1 Qb6 10. Rb1 exd4 11. Nxd4 Ne5 12. f4 Neg4 13. Kh1 Nh5 14. Qxg4 Bxg4
0-1

[Event "XXV Miedzynarodowy Festiwal Szachowy w Poznaniu - OPEN A"]
[Site "Poznan"]
[Date "2017-08-20"]
[Round "2.51"]
[White "Nawrowski, Artur "]
[Black "Wojciechowski, Antoni"]
[Result "0-1"]
[WhiteTitle ""]
[BlackTitle ""]
[WhiteElo "1024"]
[BlackElo "1581"]

1. d4 Nf6 2. Nf3 g6 3. c4 Bg7 4. Nc3 d5 5. Bg5 dxc4 6. e3 Be6 7. Qa4+ Qd7 8. Qb4
Qc6 9. b3 a5 10. Qb5 cxb3 11. Qxc6+ Nxc6 12. axb3 Bxb3 13. Rb1 a4 14. Bb5 Nd5
15. Bxc6+ bxc6 16. Nxd5 cxd5 17. Nd2 Bc2 18. Rc1 a3 19. Rxc2 a2 20. Ke2 a1=Q 21.
Rxa1 Rxa1 22. Rxc7 f6 23. Bh4 Kf7 24. Rc5 Rd8 25. Rc7 Rg1 26. Kf3 Rb8 27. Bg3
Rb2 28. Bd6 Bf8 29. Ke2 Ke6 30. Ba3 Ra2 31. Rc6+ Kd7 32. Ra6 Rga1 33. Ra7+ Ke8
34. Ra8+ Kf7 35. Rxf8+ Kxf8 36. Bc5 Rb2 37. Kd3 Raa2 38. e4 Rxd2+ 39. Kc3 dxe4
0-1

[Event "XXV Miedzynarodowy Festiwal Szachowy w Poznaniu - OPEN A"]
[Site "Poznan"]
[Date "2017-08-20"]
[Round "2.52"]
[White "Polak, Karol "]
[Black "Dopierala, Adam"]
[Result "0-1"]
[WhiteTitle ""]
[BlackTitle ""]
[WhiteElo "1581"]
[BlackElo "1059"]

1. e4 e5 2. Nf3 Nc6 3. Nc3 Bc5 4. Bb5 d6 5. h3 Bd7 6. O-O Nf6 7. d3 Nd4 8. Bxd7+
Qxd7 9. Nxd4 exd4 10. Ne2 O-O-O 11. a3 Bb6 12. b4 a6 13. Bb2 d5 14. e5 Nh5 15.
Nxd4 Nf4 16. Qf3 Ne6 17. Nxe6 fxe6 18. c4 Rhf8 19. Qg3 dxc4 20. dxc4 Qd2 21. Bc1
Bxf2+ 22. Rxf2 Qxf2+ 23. Qxf2 Rd1+ 24. Kh2 Rxf2 25. Be3 Rxg2+ 26. Kxg2 Rxa1 27.
a4 Rxa4 0-1